The game programmer's guide to Torque: under the hood of the Torque Game Engine (Record no. 9741)

000 -LEADER
fixed length control field 00580 a2200157 4500
020 ## - INTERNATIONAL STANDARD BOOK NUMBER
International Standard Book Number 1568812841
040 ## - CATALOGING SOURCE
Original cataloging agency DLC
Language of cataloging DLC
100 1# - MAIN ENTRY--PERSONAL NAME
Personal name Maurina, Edward F.,
245 14 - TITLE STATEMENT
Title The game programmer's guide to Torque: under the hood of the Torque Game Engine
Remainder of title under the hood of the Torque Game Engine
Statement of responsibility, etc. Edward F. Maurina III.
260 ## - PUBLICATION, DISTRIBUTION, ETC.
Place of publication, distribution, etc. Wellesley, Mass. :
Name of publisher, distributor, etc. A K Peters,
Date of publication, distribution, etc. c2006.
300 ## - PHYSICAL DESCRIPTION
Extent ix, 608 p. :
Other physical details ill. ;
Dimensions 24 cm. +
Accompanying material 1 CD-ROM (4 3/4 in.)
500 ## - GENERAL NOTE
General note "A GarageGames book."
500 ## - GENERAL NOTE
General note Includes index.
650 #0 - SUBJECT ADDED ENTRY--TOPICAL TERM
Topical term or geographic name entry element Computer games
General subdivision Programming.
942 ## - ADDED ENTRY ELEMENTS (KOHA)
Koha item type Book
Call number prefix 006.6 MAU
Source of classification or shelving scheme
Holdings
Withdrawn status Lost status Damaged status Not for loan Collection code Permanent Location Current Location Shelving location Date acquired Source of acquisition Cost, normal purchase price Total Checkouts Full call number Barcode Date last seen Price effective from Koha item type
          Central Library (CL) Central Library (CL) First Floor - Machine Learning/Computer Graphics 03/17/2008 Progressive International Agencies 3870.99   006.6 MAU SEECS008931 11/14/2012 01/05/2017 Book
© 2023 Central Library, National University of Sciences and Technology. All Rights Reserved.